00470 2200193 4500001002100000005001500021008004100036020001800077035001900095041000700114082001000121090001600131100001900147245003300166260002800199300002300227500001000250650001600260INLIS00000000000177420241224112419241224||||||||| | ||| |||| || |  a979-692-351-3 0010-1224001774 aid0 a372.6 a372.6 ISK s0 aIskandarWassid00aStrategi Pembelajaran Bahasa bRemaja Rosdakaryac2011 ax, 311 hlm.;21 cm. aCet.3 0aIlmu Sosial